Vista normal
Vista MARC
Entrada Materia (personas)
Número de registros utilizados en: 2
001 - CONTROL NUMBER
- control field: 133837
003 - CONTROL NUMBER IDENTIFIER
- control field: Co-BoUCM
005 - DATE AND TIME OF LATEST TRANSACTION
- control field: 20211021071858.0
008 - FIXED-LENGTH DATA ELEMENTS
- fixed length control field: 211021|| aca||aabn | a|a d
040 ## - CATALOGING SOURCE
- Original cataloging agency: Co-BoUCM
- Transcribing agency: Co-BoUCM
100 ## - HEADING--PERSONAL NAME
- Personal name: Devis Granados, Isaac Alfonso
670 ## - SOURCE DATA FOUND
- Source citation: Work cat.: (Co-BoUCM)54837: Devis Granados, Isaac Alfonso, Aspectos constitucionales de los servicios públicos y las telecomunicaciónes en Colombia, 2007